Propos sur le bonheur /

Guardado en:
Bibliografiske detaljer
Hovedforfatter: Alain (autor)
Format: Bog
Sprog:fransk
Fag:
Tags: Tilføj Tag
Ingen Tags, Vær først til at tagge denne postø!

MARC

LEADER 00000nam^a2200000^a^4500
001 000259455
005 20250521000000.0
009 20260526133544.472
037 |a Acervo Xavier Clavigero 
041 |a FRA 
082 |a 170.  |b ALA 
100 |a Alain  |e (autor) 
245 1 0 |a Propos sur le bonheur /  |c Alain. 
264 |a Buenos Aires, Argentina :  |b Hachette,  |c 1943 
300 |a 278 p. 
336 |a texto  |b txt  |2 rdacontenido 
337 |a sin mediación  |b n  |2 rdamedio 
338 |a volumen  |b nc  |2 rdasoporte 
649 |a XX 
650 |a Bien y Mal 
650 |a Virtudes 
650 |a Vicios 
650 |a Sentimientos 
650 |a Conducta de Vida 
650 |a Etica 
650 |a Filosofía 
910 |a Fondo General 
920 |a Impresos - Libros 
930 |a Colección General 
905 |a 101 
901 |a 000173  |b IT1  |c ACC  |u 20250521 
902 |a https://opac.biblio.iteso.mx/vufind/Record/000259455